The human resources scorecard : measuring the return on investment (Record no. 53207)

MARC details
000 -LEADER
fixed length control field 00963nam a2200289Ia 4500
008 - FIXED-LENGTH DATA ELEMENTS--GENERAL INFORMATION
fixed length control field 191130s2001##################000#0#eng##
020 ## - INTERNATIONAL STANDARD BOOK NUMBER
ISBN 9780877193678
082 ## - DEWEY DECIMAL CLASSIFICATION NUMBER
Classification number 331 PHI
100 ## - MAIN ENTRY--AUTHOR NAME
Personal name Phillips, Jack J
245 ## - TITLE STATEMENT
Title The human resources scorecard : measuring the return on investment
Statement of responsibility, etc Jack J. Phillips, Ron D. Stone, Patricia Pulliam Phillips
260 ## - PUBLICATION, DISTRIBUTION, ETC. (IMPRINT)
Place of publication Boston, MA
Name of publisher Butterworth-Heinemann
Year of publication c2001
300 ## - PHYSICAL DESCRIPTION
Number of Pages xviii, 518 p. : ill. ; 24 cm
500 ## - GENERAL NOTE
General note Includes bibliographical references and index
650 ## - SUBJECT ADDED ENTRY--TOPICAL TERM
Topical Term Human capital - Cost effectiveness
Topical Term Labor costs - Accounting
Topical Term Labor economics
Topical Term Manpower planning
Topical Term Rate of return
Topical Term Wages and labor productivity - Measurement
700 ## - ADDED ENTRY--PERSONAL NAME
Personal name Phillips, Patricia Pulliam
Personal name Stone, Ron D
991 ## -
-- 425895
Holdings
Withdrawn status Lost status Damaged status Not for loan Home library Current library Shelving location Date acquired Full call number Accession Number Price effective from Koha item type
        Anna Centenary Library Anna Centenary Library 4TH FLOOR, A WING 09.10.2020 331 PHI 330994 09.10.2020 English Books

Find us on the map